A tentative inventory of the habits of children from two to four years of age,
Saved in:
| Main Author: | |
|---|---|
| Format: | Book |
| Language: | English |
| Published: |
New York,
Teachers College, Columbia University,
1924.
|
| Series: | Contributions to education ;
no. 160. |
| Subjects: | |
| Tags: |
Add Tag
No Tags, Be the first to tag this record!
|
| LEADER | 01306nam a2200313I 4500 | ||
|---|---|---|---|
| 001 | 003048075-2 | ||
| 005 | 20160409021906.0 | ||
| 008 | 780908s1924 nyud 000 0 eng | ||
| 010 | |a 25004569 | ||
| 035 | 0 | |a ocm04208176 | |
| 040 | |a DLC |c IAR |d IAR |d m.c. |d HMG | ||
| 050 | |a LB1117 |b .A6 1924a |a LB5 |b .C8 no. 160 | ||
| 060 | 0 | 0 | |a WS 105 |b A576t 1924 |
| 100 | 1 | |a Andrus, Ruth, |d 1886- | |
| 245 | 1 | 2 | |a A tentative inventory of the habits of children from two to four years of age, |c by Ruth Andrus. |
| 260 | |a New York, |b Teachers College, Columbia University, |c 1924. | ||
| 300 | |a 50 p. |b diagrs. |c 24 cm. | ||
| 490 | 1 | |a Teachers College, Columbia University. Contributions to education ; |v no. 160 | |
| 502 | |a Published also as thesis (Ph. D.) Columbia University, 1924. | ||
| 650 | 2 | 2 | |a Child Development. |
| 650 | 1 | 2 | |a Psychology, Child. |
| 655 | 2 | |a Academic Dissertations. | |
| 650 | 0 | |a Child psychology. | |
| 655 | 2 | |a Academic Dissertations | |
| 710 | 2 | |a Columbia University. |b Teachers College, |e issuing body. | |
| 776 | 0 | 8 | |i Online version: |a Andrus, Ruth, 1886- |t Tentative inventory of the habits of children from two to four years of age. |d New York, Teachers College, Columbia University, 1924 |w (OCoLC)577504783 |
| 830 | 0 | |a Contributions to education ; |v no. 160. | |
| 988 | |a 20020608 | ||
| 906 | |0 DLC | ||


